000
00248nam a22001217a 4500
003
SGT
082
_b
BAN
100
_a
BANSAL, ASHWANI
245
_a
VASTU FLOWERS, AND PLANTS LANDSCAPE
260
_a
GLOBAL
_c
2000
300
_a
152
942
_2
ddc
_c
BK
999
_c
19733
_d
19733